000
00219nmm a2200085Ia 4500
008
220120s9999||||xx |||||||||||||||||und||
100
_a
Digit
245
0
_a
Manjaro- Electronics software, Radio show, games
260
_c
43739
999
_c
140108
_d
140108